My Days (Record no. 324820)
[ view plain ]
| 000 -LEADER | |
|---|---|
| fixed length control field | 00435nam a2200169Ia 4500 |
| 008 - FIXED-LENGTH DATA ELEMENTS--GENERAL INFORMATION | |
| fixed length control field | 230718s9999 xx 000 0 und d |
| 020 ## - INTERNATIONAL STANDARD BOOK NUMBER | |
| International Standard Book Number | 9788185986234 |
| 041 ## - LANGUAGE CODE | |
| Language code of text/sound track or separate title | eng |
| 082 ## - DEWEY DECIMAL CLASSIFICATION NUMBER | |
| Classification number | 823 |
| Item number | NAR |
| 100 ## - MAIN ENTRY--PERSONAL NAME | |
| Personal name | Narayan R.K. |
| 245 ## - TITLE STATEMENT | |
| Title | My Days |
| Remainder of title | Autobiography |
| 260 ## - PUBLICATION, DISTRIBUTION, ETC. (IMPRINT) | |
| Date of publication, distribution, etc. | 2006 |
| Name of publisher, distributor, etc. | Indian Thought Pub. |
| 300 ## - PHYSICAL DESCRIPTION | |
| Extent | 216 |
| 365 ## - TRADE PRICE | |
| Currency code | Rs. |
| Price amount | 195.00 |
| 700 ## - ADDED ENTRY--PERSONAL NAME | |
| Personal name | Narayan R.K. |
| 906 ## - LOCAL DATA ELEMENT F, LDF (RLIN) | |
| d | O:0082427-Apr-2010B:385631-Mar-2010 |
| c | GENRL |
| b | 39 |
| Withdrawn status | Lost status | Damaged status | Not for loan | Home library | Current library | Date acquired | Vendor | Budget Code | Cost, normal purchase price | Bill number | Total Checkouts | Full call number | Barcode | Date last seen | Date last checked out | Discount | Cost, replacement price | Bill Date | Koha item type | Original Barcode |
|---|---|---|---|---|---|---|---|---|---|---|---|---|---|---|---|---|---|---|---|---|
| Cummins College of Engineering for Women Pune | Cummins College of Engineering for Women Pune | 27/04/2010 | Tbs | GENRL | 156.00 | 3856 | 1 | 823 | CCEP-BK-36027 | 29/02/2024 | 20/02/2024 | 39 | 195.00 | 31/03/2010 | Books | 036027 |